Pensamiento empresarial latinoamericano en el siglo XXI

Detalles Bibliográficos
Autor principal: Giacalone, Rita
Formato: eBook
Lenguaje:español
Publicado: Medelln̕: Universidad Cooperativa de Colombia, 2019
Materias:
Acceso en línea:Acceso restringido

MARC

LEADER 00000nam a22000007a 4500
005 2019081300170.0
007 cr|||| ||||
008 190813s2019 co |||||s|||| 00||0 spa d
020 |a 978-958-760-127-5 
035 |a 23989 
040 |a vLex 
090 |c 9157  |d 9157 
100 1 |a Giacalone, Rita 
245 1 0 |a Pensamiento empresarial latinoamericano en el siglo XXI  |h [Recurso electrn̤ico] /  |c Rita Giacalone 
256 |a Servicio en ln̕ea 
260 |a Medelln̕:  |b Universidad Cooperativa de Colombia,  |c 2019 
300 |a 1 recurso electrn̤ico 
506 1 |a Disponible solo en los productos indicados  |d vLex Global  |d vLex Global (Academic Edition, excluding Law Schools)  |d vLex Global (U.S. Academic Edition, Law Schools)  |d vLex Global (U.S. Academic Edition, excluding Law Schools)  |d vLex Global (Academic Edition, Law Schools) 
650 0 4 |a Derecho Mercantil y de la Empresa  |z Colombia 
740 0 |a vLex Libros (Servicio en ln̕ea) 
856 4 0 |u http://vlex.com/source/pensamiento-empresarial-latinoamericano-siglo-xxi-23989  |z Acceso restringido 
942 |c BOOK 
999 0 |a Commercial and Business Law